[Event "60. Campeonato de Rusia 2007 - Final"]
[Site "Moscu RUS"]
[Date "2007.12.22"]
[Round "4.6"]
[White "Timofeev, Artyom"]
[Black "Vitiugov, Nikita"]
[Result "0-1"]
[WhiteElo "2637"]
[BlackElo "2594"]
[PlyCount "120"]
[EventDate "2007.12.18"]
[EventType "tourn"]
[EventRounds "11"]
[EventCountry "RUS"]
[Source "lmi"]
[SourceDate "2007.12.18"]

1. e4 c5 2. Nf3 d6 3. d4 cxd4 4. Nxd4 Nf6 5. Nc3 a6 6. g3 e5 7. Nde2 Be7 8. Bg2
O-O 9. O-O Nbd7 10. a4 b6 11. h3 Bb7 12. g4 Rc8 13. Ng3 Nc5 14. g5 Nfd7 15. h4
g6 16. Be3 Ne6 17. Bh3 Nf4 18. Bxf4 exf4 19. Nge2 f3 20. Nd4 Bxg5 21. hxg5
Qxg5+ 22. Kh1 Rxc3 23. bxc3 Qh4 24. Kh2 Ne5 25. Rg1 Qxf2+ 26. Kh1 Qh4 27. Kh2
Qf2+ 28. Kh1 Qh4 29. Kh2 h5 30. Nxf3 Qf4+ 31. Rg3 Bxe4 32. Ng5 h4 33. Nxe4
hxg3+ 34. Nxg3 Nf3+ 35. Kg2 Nh4+ 36. Kh1 Qxg3 37. Qg4 Qxc3 38. Rf1 Qc6+ 39. Kg1
Qc5+ 40. Rf2 Nf5 41. Qf4 Re8 42. Bxf5 Qxf5 43. Qxf5 gxf5 44. Rd2 Re6 45. c4 Re4
46. Rxd6 Rxc4 47. Rxb6 Rxa4 48. Kf2 Kg7 49. Kf3 a5 50. Ke3 f6 51. Kf3 Kg6 52.
Rb8 Ra1 53. Rg8+ Kf7 54. Rg2 a4 55. Kf4 Rf1+ 56. Kg3 Rb1 57. Rc2 a3 58. Kf4
Rb4+ 59. Kxf5 Rb5+ 60. Kf4 Ra5 0-1